000 01443cam a2200301 4500
001 gs 67000183
003 DLC
005 20260227111420.0
008 700122s1966 mtuab b 000 0 eng c
010 _ags 67000183
040 _aU.S. Geol. Survey. Library
_cDLC
_dDLC
050 0 0 _aQE134.J8
_bZ48
100 1 _aZimmerman, Everett A.
_q(Everett Alfred),
_d1927-
245 1 0 _aGeology and ground-water resources of western and southern parts of Judith Basin, Montana,
_cby Everett A. Zimmerman.
260 _aButte,
_bMontana College of Mineral Science and Technology,
_c1966.
300 _aiii, 33 p.
_billus., maps (4 fold. in pocket)
_c28 cm.
490 1 _aMontana. Bureau of Mines and Geology. Bulletin 50-A
500 _aPrepared by the U.S. Geological Survey, Water Resources Division in cooperation with the Montana Bureau of Mines and Geology.
504 _aBibliography: p. 33.
650 0 _aGeology
_zMontana
_zJudith Basin.
650 0 _aGroundwater
_zMontana
_zJudith Basin.
650 0 _aWater-supply
_zMontana
_zJudith River Watershed.
710 2 _aGeological Survey (U.S.).
_bWater Resources Division.
740 0 _aGround-water resources of western and southern parts of Judith Basin, Montana.
740 0 _aWestern and southern parts of Judith Basin, Montana.
830 0 _aBulletin (Montana Bureau of Mines and Geology) ;
_v50A-B.
810 1 _aMontana.
_bState Bureau of Mines and Geology.
_tBasic water report
_vno. 2.
999 _c30323
_d30323